00242nam a2200109Ia 4500008004100000082001600041100001200057245002900069260000900098650000900107700001600116221030s9999 xx 000 0 und d a105.23bMBA aM. Levy 0aRetailing ManagementbCD c2004 aBook aB. A. Weitz